00267nam a2200097Ia 4500008004100000082001600041100002100057245004400078260003900122300000800161150731s2014 xx 000 0 und d a617bO 14 B aBHALLA, PRAMILA. aTEXTBOOK FOR OPERATION ROOM TEEHRICIONS bAHUJA PUBLISHING HOUSE DELHIc2014 a338